000 01252cam a2200349 a 4500
003 CHAP
005 20220329143023.0
008 050825d2002 es a r 00010 spa d
010 _a90779
011 _a91751
020 _a8484760529
035 _a102314
040 _cCHAP
082 0 4 _a631.7001
_bM6 2002
100 0 0 _aMoya Talens, Jesus Antonio.
_979197
245 1 0 _aRiego localizado y fertirrigación
_c/por Jesus Antonio Moya Talens
250 _a3ed. rev. y ampliada
260 _aMadrid ;
_bMundi-Prensa,
_c2002
300 _a534 p. :
_bilus. ; gráfs. ; cuadros
590 _aBATCH-UPD
_b10
_c20130110
_lUCH01
_h0831
590 _aBATCH-UPD
_b10
_c20130410
_lUCH01
_h0509
590 _aBATCH-UPD
_b10
_c20130914
_lUCH01
_h1407
590 _aCONVERSION
_b10
_c20130109
_lUCH01
_h1350
650 1 4 _aFertirrigación.
_940652
650 1 4 _aRiego localizado.
_997374
901 _aBK
905 _aElisama A.H.
942 _cLIBRO
949 _a631.7001 M6 2002
_bBC
_cLIBRO
_d33724000979035
_eLIBRO
_fc.2
_gI.222807
_h106404
_i102314
_si
_t$671.75
949 _a631.7001 M6 2002
_bBC
_cLIBRO
_d33724000979092
_eLIBRO
_gI.222806
_h106403
_i102314
_so
_t$671.75
949 _a631.7001 M6 2002
_bBC
_cLIBRO
_d33724002049918
_eLIBRO
_fc.3
_h109145
_i102314
_si
_t$ 755.00
999 _c90779
_d90779